logo

Bir Sreshtho Munshi Abdur Rouf Library
Jhenaidah Cadet College

Robotics technology and flexible automation / (Record no. 12802)

MARC details
000 -LEADER
fixed length control field 00656nam a2200229 a 4500
001 - CONTROL NUMBER
JCCL Control Number 12802
003 - CONTROL NUMBER IDENTIFIER
JCCL marc code BD-JhCC
005 - DATE AND TIME OF LATEST TRANSACTION
control field 20230513131854.0
008 - FIXED-LENGTH DATA ELEMENTS--GENERAL INFORMATION
fixed length control field 230513s20172010b |||| |||| 000 0 eng d
035 ## - SYSTEM CONTROL NUMBER
system control number (BD-JhCC)12802
040 ## - CATALOGING SOURCE
Original cataloging agency BD-JhCC
Modifying agency BD-JhCC
041 ## - LANGUAGE CODE
Language code of Book eng
082 ## - DEWEY DECIMAL CLASSIFICATION NUMBER
Classification number 629.892
Author mark and Year DEB 2017
100 ## - MAIN ENTRY--PERSONAL NAME
Personal name Deb, S.R.
245 ## - TITLE STATEMENT
Title Robotics technology and flexible automation /
Statement of responsibility, etc S. R. Deb and Sankha Dev
260 ## - PUBLICATION, DISTRIBUTION, ETC. (IMPRINT)
Place of publication, distribution, etc Chennai
Name of publisher, distributor, etc McGraw Hill Education (India) Private Limited,
Date of publication, distribution, etc 2017 [reprint]
300 ## - PHYSICAL DESCRIPTION
Pagination xv, 552 p. :
Other physical details some color pages;
Dimensions 21 cm.
650 ## - SUBJECT ADDED ENTRY--TOPICAL TERM
Topical term or geographic name as entry element Robotics
650 ## - SUBJECT ADDED ENTRY--TOPICAL TERM
Topical term or geographic name as entry element Automation
700 ## - ADDED ENTRY--PERSONAL NAME
Personal name Dev, Sankha
942 ## - ADDED ENTRY ELEMENTS (KOHA)
Source of classification or shelving scheme Dewey Decimal Classification
Koha item type Books
Holdings
Source of classification or shelving scheme Damaged status Not for loan Home library Current library Shelving location Date of accession Total Checkouts Full call number Barcode Date last seen Date checked out Copy number Method of acquisition Koha item type Currency
Dewey Decimal Classification     JCC Rouf Library JCC Rouf Library General Stacks 05/13/2023 1 629.892 DEB 2017 17774 02/18/2024 02/14/2024 C-1 Purchase Books BDT

JCC Library | Contacts | JCC Home

Last Update on 23 September 2017
Copyright @ 2017-2020 JCC Rouf Library
Rouf Library, Jhenidah Cadet College (JCC), Bangladesh